000 00992nam a2200301 i 4500
001 000017396
003 DO-SdBNP
005 20250331142630.0
007 ta
008 100324s2008 dr 000 0 spa d
020 _a9789945420449
040 _aDO-SdBNP
_bspa
_cBNPHU
_erda
041 _aspa
082 4 _aRD863.5
_bA162j
_222
100 1 _aAbreu, Arlyn,
_d1984-
_eautor
_4aut.
_938079
245 1 0 _aJardines urbanos /
_cArlyn Abréu, Carlos J. Núñez.
264 4 _aSan Francisco de Macorís, República Dominicana :
_bEdiciones Ángeles de Fierro:
_bEditora Nacional,
_c©2008.
300 _a58 páginas ;
_c21 cm.
336 _atexto
_btxt
_2rdacontent
337 _asin mediación
_bn
_2rdamedia
338 _avolumen
_bnc
_2rdacarrier
590 _aInventariado, 2020/VM
650 4 _aCuentos dominicanos
_9176
650 4 _aLiteratura dominicana.
_967
700 1 _aNúñez, Carlos J.,
_eautor
_4aut.
_938080
910 _aValidado. Control de calidad MMOLINA
942 _2ddc
_cLBS1
999 _c16921
_d16921